[Event "ZN-2014-0-02739"]
[Site "LSS email"]
[Date "2014.06.12"]
[Round "?"]
[White "Ortega, Rayner"]
[Black "Catt, Matthew"]
[Result "1-0"]
[WhiteElo "605"]
[BlackElo "490"]
[PlyCount "31"]
[EventDate "2014.06.03"]
[EventType "match (corr)"]
[EventRounds "2"]
[EventCountry "GER"]
[SourceTitle "Corr 2022"]
[Source "ChessBase"]
[SourceDate "2021.10.24"]
[SourceVersion "1"]
[SourceVersionDate "2021.10.24"]
[SourceQuality "1"]

1. e4 e5 2. Nf3 d6 3. c3 c5 4. Bb5+ Bd7 5. Bxd7+ Nxd7 6. d4 Ngf6 7. dxe5 dxe5 8. Bg5 Be7 9. Nbd2 0-0 10. 0-0 Qc7 11. Nc4 Rfe8 12. Qd2 Nxe4 13. Qe3 Bxg5 14. Qxe4 Rab8 15. Nxg5 f6 16. Qxh7+ 1-0

[Event "ZN-2014-0-02727"]
[Site "LSS email"]
[Date "2014.05.25"]
[Round "?"]
[White "Corte, Fernando"]
[Black "Catt, Matthew"]
[Result "1-0"]
[WhiteElo "800"]
[BlackElo "490"]
[PlyCount "21"]
[EventDate "2014.05.19"]
[EventType "match (corr)"]
[EventRounds "2"]
[EventCountry "GER"]
[SourceTitle "Corr 2022"]
[Source "ChessBase"]
[SourceDate "2021.10.24"]
[SourceVersion "1"]
[SourceVersionDate "2021.10.24"]
[SourceQuality "1"]

1. c4 e5 2. Nc3 Bc5 3. Nf3 d6 4. e3 Nf6 5. d4 Bb4 6. Qa4+ Bd7 7. Qxb4 Nc6 8. Qb3 0-0 9. d5 Ne7 10. Qxb7 Qb8 11. Qxb8 1-0

[Event "SN-2014-0-00575"]
[Site "LSS email"]
[Date "2014.02.16"]
[Round "?"]
[White "Semenov, Zhenya"]
[Black "Catt, Matthew"]
[Result "1-0"]
[WhiteElo "910"]
[BlackElo "445"]
[PlyCount "55"]
[EventDate "2014.01.30"]
[EventType "tourn (corr)"]
[EventRounds "6"]
[EventCountry "GER"]
[SourceTitle "Telechess CBM 167"]
[Source "ChessBase"]
[SourceDate "2015.07.13"]
[SourceVersion "1"]
[SourceVersionDate "2015.07.13"]
[SourceQuality "1"]

1. Nf3 c5 2. c4 Nc6 3. g3 e5 4. Bg2 e4 5. Ng1 Nf6 6. Nc3 d6 7. Nxe4 Nxe4 8. Bxe4 Be6 9. b3 g6 10. Bb2 f6 11. e3 Bg7 12. Qf3 Ne5 13. Bxe5 dxe5 14. Bxb7 Rb8 15. Bc6+ Kf7 16. 0-0-0 Rb6 17. Ne2 f5 18. Bd5 Bxd5 19. Qxd5+ Qxd5 20. cxd5 Ke7 21. d4 exd4 22. exd4 c4 23. Kc2 Rhb8 24. Rb1 Rc8 25. Kd2 cxb3 26. Rxb3 Kd6 27. Rxb6+ Kxd5 28. Rc1 1-0

[Event "ZN-2013-0-02525"]
[Site "LSS email"]
[Date "2013.12.22"]
[Round "?"]
[White "Simmons, Ernest"]
[Black "Catt, Matthew"]
[Result "1-0"]
[WhiteElo "663"]
[BlackElo "512"]
[PlyCount "81"]
[EventDate "2013.12.17"]
[EventType "match (corr)"]
[EventRounds "2"]
[EventCountry "GER"]
[SourceTitle "Corr 2022"]
[Source "ChessBase"]
[SourceDate "2021.10.24"]
[SourceVersion "1"]
[SourceVersionDate "2021.10.24"]
[SourceQuality "1"]

1. d4 d5 2. c4 Nf6 3. Nc3 e6 4. e3 g6 5. Nf3 c5 6. Be2 b6 7. 0-0 Bb7 8. dxc5 bxc5 9. Qb3 Ba6 10. Qa4+ Qd7 11. Qc2 d4 12. Ne4 Nxe4 13. Qxe4 Bb7 14. Qc2 Bg7 15. exd4 cxd4 16. Qd3 Nc6 17. a3 0-0 18. b4 Ne5 19. Nxe5 Bxe5 20. Bb2 Qc7 21. g3 f5 22. Bf3 a6 23. Bxb7 Qxb7 24. Bxd4 Rfd8 25. Qb3 Rxd4 26. c5 Re8 27. Ra2 f4 28. Re2 Red8 29. Qxe6+ Kh8 30. Qxe5+ Kg8 31. Qe6+ Qf7 32. Qxf7+ Kxf7 33. Rfe1 Rd1 34. Re7+ Kf6 35. R7e6+ Kg5 36. Kg2 Rxe1 37. Rxe1 Rd3 38. c6 Rc3 39. Re5+ Kh6 40. Rc5 Rxa3 41. c7 1-0

[Event "RN-2013-0-00720"]
[Site "LSS email"]
[Date "2013.11.03"]
[Round "?"]
[White "Catt, Matthew"]
[Black "Bester, Kazimierz"]
[Result "0-1"]
[WhiteElo "466"]
[BlackElo "713"]
[PlyCount "32"]
[EventDate "2013.10.25"]
[EventType "tourn (corr)"]
[EventRounds "6"]
[EventCountry "GER"]
[SourceTitle "Corr 2015"]
[Source "ChessBase"]
[SourceDate "2015.07.17"]
[SourceVersion "1"]
[SourceVersionDate "2015.07.17"]
[SourceQuality "1"]

1. Nf3 Nf6 2. d3 g6 3. b3 Bg7 4. Bb2 Nc6 5. e4 0-0 6. e5 Ne8 7. d4 d6 8. Qe2 Bg4 9. Qe4 Bf5 10. Qh4 Bxc2 11. Ng5 h6 12. Nd2 hxg5 13. Qxg5 Nb4 14. Qe3 Bf5 15. g3 Nc2+ 16. Ke2 Nxe3 0-1

[Event "ZN-2013-0-02468"]
[Site "LSS email"]
[Date "2013.10.18"]
[Round "?"]
[White "Brattin, Bryan"]
[Black "Catt, Matthew"]
[Result "1-0"]
[WhiteElo "747"]
[BlackElo "466"]
[PlyCount "67"]
[EventDate "2013.10.10"]
[EventType "match (corr)"]
[EventRounds "2"]
[EventCountry "GER"]
[SourceTitle "Telechess CBM 163"]
[Source "ChessBase"]
[SourceDate "2014.11.11"]
[SourceVersion "2"]
[SourceVersionDate "2014.11.11"]
[SourceQuality "1"]

1. e4 Nc6 2. d4 g6 3. d5 Ne5 4. c4 b6 5. Nf3 Nxf3+ 6. Qxf3 e6 7. dxe6 dxe6 8. e5 Bb4+ 9. Bd2 a5 10. a3 Bc5 11. Bd3 Rb8 12. 0-0 Bb7 13. Be4 c6 14. Nc3 Qxd2 15. Rad1 Qxb2 16. Qd3 Qxa3 17. Qd7+ Kf8 18. Rd3 Be7 19. Bxc6 Qc5 20. Bxb7 Rxb7 21. Qxb7 Qxc4 22. Qa8+ Kg7 23. Qf3 Bc5 24. Rd7 Nh6 25. Ne4 Nf5 26. Nxc5 Qxc5 27. Rfd1 Qc8 28. Qb7 Qc2 29. Qxb6 Ra8 30. Qb7 Rc8 31. Rxf7+ Kh6 32. Rxh7+ Kg5 33. h4+ Kg4 34. Qf3# 1-0

[Event "ZN-2013-0-02468"]
[Site "LSS email"]
[Date "2013.10.18"]
[Round "?"]
[White "Catt, Matthew"]
[Black "Brattin, Bryan"]
[Result "0-1"]
[WhiteElo "466"]
[BlackElo "747"]
[PlyCount "48"]
[EventDate "2013.10.10"]
[EventType "match (corr)"]
[EventRounds "2"]
[EventCountry "GER"]
[SourceTitle "Telechess CBM 163"]
[Source "ChessBase"]
[SourceDate "2014.11.11"]
[SourceVersion "2"]
[SourceVersionDate "2014.11.11"]
[SourceQuality "1"]

1. Nf3 d5 2. Nc3 d4 3. Nxd4 Qxd4 4. e3 Qd8 5. Bb5+ c6 6. Ba4 b5 7. Bb3 e6 8. d4 Bb7 9. 0-0 Nf6 10. Re1 g6 11. e4 Bg7 12. e5 Nd5 13. Ne4 0-0 14. Bg5 f6 15. Be3 Nxe3 16. Rxe3 c5 17. exf6 Bxf6 18. Bxe6+ Kg7 19. c3 cxd4 20. cxd4 Bxd4 21. Rg3 Bxe4 22. Rg5 Qxg5 23. g3 Qf6 24. Qg4 Qxf2# 0-1

[Event "SN-2013-0-00541"]
[Site "LSS email"]
[Date "2013.09.27"]
[Round "?"]
[White "Meyer, Frank"]
[Black "Catt, Matthew"]
[Result "1-0"]
[WhiteElo "906"]
[BlackElo "466"]
[PlyCount "67"]
[EventDate "2013.09.08"]
[EventType "tourn (corr)"]
[EventRounds "6"]
[EventCountry "GER"]
[SourceTitle "Telechess CBM 163"]
[Source "ChessBase"]
[SourceDate "2014.11.11"]
[SourceVersion "2"]
[SourceVersionDate "2014.11.11"]
[SourceQuality "1"]

1. d4 Nf6 2. c4 g6 3. Nf3 Bg7 4. Bf4 b6 5. e3 0-0 6. Be2 d6 7. 0-0 b5 8. cxb5 h6 9. h3 g5 10. Bh2 Nbd7 11. a4 Re8 12. Na3 Rb8 13. Rc1 a6 14. b3 Ne4 15. bxa6 Nb6 16. Nb5 Bxa6 17. Nxc7 Bxe2 18. Qxe2 Rf8 19. Nb5 e5 20. dxe5 dxe5 21. Nxe5 Qd2 22. Qd1 Rbc8 23. Rxc8 Rxc8 24. Nf3 Qd5 25. Qxd5 Nxd5 26. Rd1 Ndf6 27. g4 h5 28. gxh5 Nxh5 29. Rd5 Rc1+ 30. Kg2 Rc2 31. Bg1 f5 32. Rxf5 Bf6 33. Nbd4 Rb2 34. a5 1-0

[Event "OP-2013-0-02999"]
[Site "LSS email"]
[Date "2013.09.14"]
[Round "?"]
[White "Catt, Matthew"]
[Black "Verich, Oleg"]
[Result "0-1"]
[WhiteElo "564"]
[BlackElo "1160"]
[PlyCount "48"]
[EventDate "2013.09.11"]
[EventType "tourn (corr)"]
[EventRounds "4"]
[EventCountry "GER"]
[SourceTitle "Corr 2022"]
[Source "ChessBase"]
[SourceDate "2021.10.24"]
[SourceVersion "1"]
[SourceVersionDate "2021.10.24"]
[SourceQuality "1"]

1. Nf3 d5 2. g3 c5 3. e3 Nc6 4. Bg2 Bg4 5. h3 Bh5 6. b3 e5 7. 0-0 f6 8. Bb2 Bd6 9. c3 Nge7 10. d4 cxd4 11. exd4 e4 12. c4 exf3 13. Bxf3 Bxf3 14. Qxf3 dxc4 15. bxc4 0-0 16. d5 Ne5 17. Qh5 Qb6 18. Nd2 Qxb2 19. Rae1 Qxd2 20. f4 Nxc4 21. Kh1 Qxd5+ 22. Qf3 Qxf3+ 23. Rxf3 Nf5 24. g4 Nfe3 0-1

[Event "OP-2013-0-02975"]
[Site "LSS email"]
[Date "2013.08.31"]
[Round "?"]
[White "Catt, Matthew"]
[Black "Ederer, Karel"]
[Result "0-1"]
[WhiteElo "633"]
[BlackElo "2189"]
[PlyCount "40"]
[EventDate "2013.08.29"]
[EventType "tourn (corr)"]
[EventRounds "4"]
[EventCountry "GER"]
[SourceTitle "Corr 2022"]
[Source "ChessBase"]
[SourceDate "2021.10.24"]
[SourceVersion "1"]
[SourceVersionDate "2021.10.24"]
[SourceQuality "1"]

1. Nf3 f5 2. d3 Nc6 3. g3 Nf6 4. Bg2 e5 5. Nbd2 e4 6. dxe4 fxe4 7. Ng5 d5 8. e3 Bg4 9. f3 exf3 10. Ndxf3 Qd7 11. h3 Bxf3 12. Bxf3 Qd6 13. e4 Qxg3+ 14. Ke2 dxe4 15. Bxe4 Nxe4 16. Qf1 Nd4+ 17. Kd1 Nf2+ 18. Kd2 0-0-0 19. c3 Qf4+ 20. Ke1 Nc2+ 0-1

[Event "OP-2013-0-02975"]
[Site "LSS email"]
[Date "2013.08.31"]
[Round "?"]
[White "Catt, Matthew"]
[Black "Jarabinsky, Martin"]
[Result "0-1"]
[WhiteElo "633"]
[BlackElo "2270"]
[PlyCount "26"]
[EventDate "2013.08.29"]
[EventType "tourn (corr)"]
[EventRounds "4"]
[EventCountry "GER"]
[SourceTitle "Corr 2022"]
[Source "ChessBase"]
[SourceDate "2021.10.24"]
[SourceVersion "1"]
[SourceVersionDate "2021.10.24"]
[SourceQuality "1"]

1. e4 e5 2. d3 Nf6 3. Bg5 h6 4. Be3 d5 5. Nc3 d4 6. Bxd4 exd4 7. Nce2 Bb4+ 8. c3 dxc3 9. bxc3 Ba5 10. Qa4+ Nc6 11. Nd4 Bxc3+ 12. Kd1 Bxd4 13. Nf3 Bxa1 0-1

[Event "RN-2012-0-00446"]
[Site "LSS email"]
[Date "2012.02.01"]
[Round "?"]
[White "Linart, Ludvik"]
[Black "Catt, Matthew"]
[Result "1-0"]
[WhiteElo "880"]
[BlackElo "495"]
[PlyCount "20"]
[EventDate "2012.01.20"]
[EventType "tourn (corr)"]
[EventRounds "6"]
[EventCountry "GER"]
[SourceTitle "Corr 2015"]
[Source "ChessBase"]
[SourceDate "2015.07.17"]
[SourceVersion "1"]
[SourceVersionDate "2015.07.17"]
[SourceQuality "1"]

1. d4 Nf6 2. Bg5 h6 3. Bxf6 exf6 4. Nf3 b6 5. Nbd2 f5 6. e3 Be7 7. Be2 0-0 8. Ne5 d6 9. Bf3 c6 10. Nxc6 Nxc6 1-0

[Event "RN-2012-0-00444"]
[Site "LSS email"]
[Date "2012.01.28"]
[Round "?"]
[White "Catt, Matthew"]
[Black "Venturas, Bob"]
[Result "0-1"]
[WhiteElo "495"]
[BlackElo "685"]
[PlyCount "50"]
[EventDate "2012.01.14"]
[EventType "tourn (corr)"]
[EventRounds "6"]
[EventCountry "GER"]
[SourceTitle "Telechess CBM 155"]
[Source "ChessBase"]
[SourceDate "2013.07.16"]
[SourceVersion "1"]
[SourceVersionDate "2013.07.16"]
[SourceQuality "1"]

1. g3 d5 2. d4 Nc6 3. Nf3 Bf5 4. a3 Be4 5. Bg2 h6 6. Ne5 Bxg2 7. Rg1 Be4 8. Nc3 Bh7 9. e4 Nxe5 10. dxe5 d4 11. f4 dxc3 12. Qf3 cxb2 13. Bxb2 e6 14. Qd3 Qe7 15. Rf1 Rd8 16. Qb5+ c6 17. Qb3 Bxe4 18. Qe3 Bxc2 19. Qxa7 Qd7 20. Rf3 Qd2+ 21. Kf1 Bd3+ 22. Kg1 Qxb2 23. Rd1 Ba6 24. Rxd8+ Kxd8 25. Rd3+ Bxd3 0-1

[Event "RN-2012-0-00444"]
[Site "LSS email"]
[Date "2012.01.28"]
[Round "?"]
[White "Mori, Roberto"]
[Black "Catt, Matthew"]
[Result "1-0"]
[WhiteElo "721"]
[BlackElo "495"]
[PlyCount "24"]
[EventDate "2012.01.14"]
[EventType "tourn (corr)"]
[EventRounds "6"]
[EventCountry "GER"]
[SourceTitle "Corr 2015"]
[Source "ChessBase"]
[SourceDate "2015.07.17"]
[SourceVersion "1"]
[SourceVersionDate "2015.07.17"]
[SourceQuality "1"]

1. e4 c5 2. Nf3 Nc6 3. d4 cxd4 4. Nxd4 g6 5. Bc4 Bg7 6. Nxc6 bxc6 7. Nc3 Nf6 8. 0-0 e6 9. Bg5 h6 10. Bh4 d5 11. exd5 cxd5 12. Bb3 Ba6 1-0

[Event "OP-2012-0-02026"]
[Site "LSS email"]
[Date "2012.01.26"]
[Round "?"]
[White "Zukan, Jakob"]
[Black "Catt, Matthew"]
[Result "1-0"]
[WhiteElo "1362"]
[BlackElo "495"]
[PlyCount "51"]
[EventDate "2012.01.23"]
[EventType "tourn (corr)"]
[EventRounds "4"]
[EventCountry "GER"]
[SourceTitle "Telechess CBM 157"]
[Source "ChessBase"]
[SourceDate "2013.11.12"]
[SourceVersion "1"]
[SourceVersionDate "2013.11.12"]
[SourceQuality "1"]

1. d4 Nc6 2. d5 Nb4 3. a3 Nxd5 4. Qxd5 c6 5. Qd3 g6 6. e4 Bg7 7. Be2 d6 8. Nc3 Nf6 9. Nf3 0-0 10. 0-0 e5 11. Rd1 Ne8 12. Bg5 Qb6 13. Be7 h6 14. a4 Qa6 15. Qxa6 bxa6 16. Bc4 Nf6 17. Rxd6 Re8 18. Bxf6 Bxf6 19. Rxf6 Be6 20. Bxe6 fxe6 21. Rxg6+ Kh7 22. Nxe5 Rg8 23. Rxg8 Rxg8 24. Rd1 Rg5 25. Nxc6 Kg6 26. f4 1-0

[Event "OP-2012-0-01998"]
[Site "LSS email"]
[Date "2012.01.12"]
[Round "?"]
[White "Catt, Matthew"]
[Black "Reichenbach, Erhard"]
[Result "0-1"]
[WhiteElo "496"]
[BlackElo "2209"]
[PlyCount "44"]
[EventDate "2012.01.10"]
[EventType "tourn (corr)"]
[EventRounds "4"]
[EventCountry "GER"]
[SourceTitle "Telechess CBM 153"]
[Source "ChessBase"]
[SourceDate "2013.03.14"]
[SourceVersion "1"]
[SourceVersionDate "2013.03.14"]
[SourceQuality "1"]

1. Nf3 Nf6 2. g3 d5 3. Bg2 c6 4. 0-0 Bg4 5. d3 Nbd7 6. Re1 e5 7. Nbd2 Bd6 8. e4 0-0 9. Nf1 dxe4 10. dxe4 Bc5 11. Be3 Qb6 12. c3 Qxb2 13. Qd2 Qxd2 14. Bxd2 Rfd8 15. Bg5 Be6 16. Rad1 Ng4 17. Bxd8 Bxf2+ 18. Kh1 Bxe1 19. Rxe1 Rxd8 20. Rd1 Nf2+ 21. Kg1 Nxd1 22. Ng5 Bxa2 0-1

[Event "RN-2011-0-00439"]
[Site "LSS email"]
[Date "2012.01.10"]
[Round "?"]
[White "Catt, Matthew"]
[Black "Bozic, Deni"]
[Result "0-1"]
[WhiteElo "365"]
[BlackElo "915"]
[PlyCount "56"]
[EventDate "2011.12.29"]
[EventType "tourn (corr)"]
[EventRounds "6"]
[EventCountry "GER"]
[SourceTitle "Telechess CBM 157"]
[Source "ChessBase"]
[SourceDate "2013.11.12"]
[SourceVersion "1"]
[SourceVersionDate "2013.11.12"]
[SourceQuality "1"]

1. Nf3 d5 2. d4 Nc6 3. g3 e6 4. Nbd2 Nf6 5. c3 Be7 6. Bg2 0-0 7. 0-0 Re8 8. Re1 Bd6 9. e4 dxe4 10. Nxe4 Nxe4 11. Rxe4 b6 12. Ng5 h6 13. Rh4 Bd7 14. Bf4 Be7 15. Be4 Bxg5 16. Bxg5 Qxg5 17. Qf3 Qb5 18. b3 Rad8 19. Qg4 e5 20. Qf3 exd4 21. c4 Qc5 22. Re1 Ne5 23. Qf4 d3 24. Rd1 Bc6 25. Qf5 Bxe4 26. Rxe4 d2 27. Rh4 Ng6 28. Qxc5 bxc5 0-1